000 00381nam a2200109Ia 4500
008 160909s9999 xx 000 0 und d
100 _aBroom, Timothy W.
245 _aIn pursuit of a sound and wieldy measure of professor-student rapport
260 _bNorthern Arizona University.
_c2016
650 _aPSYCHOLOGY
856 _uhttp://pqdtopen.proquest.com/doc/1779525528.html?FMT=ABS
999 _c304062
_d304062